One Direction - Quiz Ultime - Statistiques

Statistiques générales
  • Ce quiz a été pris 529 fois
  • Le résultat moyen est 17 sur 20
Statistiques - réponses
Hint Réponse % Correct
Membres 1er membre à avoir quitter le groupe Zayn
100%
Noms complets des membres H Harry Styles
99%
Membres Quel membre a failli ne pas faire l’audition de l'émission où le groupe a été formé à cause d’un match de foot ? Louis
99%
Membres Quel membre est Irlandais ? Niall
99%
Noms complets des membres L Liam Payne
98%
Noms complets des membres Z Zayn Malik
98%
Groupes Année du début 2010
97%
Groupes Année de la fin 2016
97%
Noms complets des membres N Niall Horan
97%
Noms complets des membres L Louis Tomlinson
96%
Groupes Nom des fans Directioners
87%
Albums 2013 Midnight Memories
85%
Autres Quel chanteur a écrit “Little Things” pour le groupe ? Ed Sheeran
84%
Albums 2014 Four
84%
Albums 2011 Up All Night
84%
Formations Quel célèbre juge de cette émission a formé le groupe ? Simon Cowell
83%
Albums 2012 Take Me Home
78%
Albums 2015 Made in the A.M.
77%
Groupes Nom de leur documentaire sorti en 2013 This Is Us
67%
Formations Dans quelle émission a été formé le groupe ? The X Factor (UK)
24%
Aucun quiz correspondant
Distribution des résultats
% des personnes avec chaque résultat
Percentile par nombre de réponses
Votre historique - résultats
Vous n’avez pas pris ce quiz